[Event "DDS League and op 12th"]
[Site "Tuzla"]
[Date "2006.09.16"]
[Round "2"]
[White "Dugonjic, Dragan"]
[Black "Fontan, Tihomir"]
[Result "1-0"]
[WhiteElo "2132"]
[BlackElo "2057"]
[PlyCount "119"]
[EventDate "2006.09.15"]
[EventType "team"]
[EventRounds "9"]
[EventCountry "BIH"]
[SourceTitle "CBM 114 Extra"]
[Source "ChessBase"]
[SourceDate "2006.11.03"]
[SourceVersion "1"]
[SourceVersionDate "2006.11.03"]
[SourceQuality "1"]

1. d4 d5 2. c4 Nf6 3. Nc3 c6 4. Nf3 e6 5. e3 Bd6 6. Qc2 0-0 7. Bd3 Nbd7 8. 0-0 dxc4 9. Bxc4 e5 10. Rd1 Qc7 11. h3 h6 12. Bd2 exd4 13. exd4 Nb6 14. Bb3 Bf4 15. Bxf4 Qxf4 16. Ne5 Bf5 17. Qd2 Qxd2 18. Rxd2 Ne4 19. Re2 Nf6 20. g4 Bh7 21. f4 Rad8 22. Rd1 Nfd5 23. f5 Nf4 24. Re3 Nfd5 25. Ree1 Nf4 26. Kh2 Nbd5 27. Nd3 Nxd3 28. Rxd3 Nxc3 29. bxc3 Rfe8 30. Rde3 Kf8 31. Kg3 Rxe3+ 32. Rxe3 Re8 33. Rxe8+ Kxe8 34. Kf4 Ke7 35. Ke5 Bg8 36. Ke4 Bh7 37. Kf4 g6 38. fxg6 Bxg6 39. g5 hxg5+ 40. Kxg5 Bd3 41. h4 Bb1 42. a3 Bd3 43. Bd1 Be4 44. Bg4 f6+ 45. Kf4 Bd5 46. Bh5 Be6 47. Bg4 Bd5 48. Be2 Kf7 49. c4 Be6 50. Ke4 Kg6 51. d5 cxd5+ 52. cxd5 Bf5+ 53. Kd4 Kf7 54. Kc5 Ke7 55. h5 Kd7 56. Bb5+ Ke7 57. d6+ Ke6 58. Be8 Bh7 59. Bg6 Bg8 60. h6 1-0